000 00983pam a2200301 a 4500
999 _c4509
_d4509
003 OSt
005 20220324061004.0
008 910716s1992 paua b 001 0 eng c
020 _z0721630979 (single volume)
_a0721629431
020 _a0721630960 (set)
020 _a0721629431 (v. 1)
020 _a0721630944 (v. 2)
040 _cDLC
050 0 0 _aRC681
_b.H362 1991
060 _aWG 200 H4364
245 0 0 _aHeart disease :
_ba textbook of cardiovascular medicine /
_cedited by Eugene Braunwald.
250 _a4th ed.
260 _aPhiladelphia :
_bW.B. Saunders,
_cc1992.
300 _axxiii, 1874, xliv p. :
_bill. (some col.) ;
_c29 cm.
504 _aIncludes bibliographical references and index.
650 0 _aHeart
_xDiseases.
650 0 _aCardiovascular system
_xDiseases.
650 2 _aHeart Diseases.
700 1 _aBraunwald, Eugene,
_d1929-
906 _a7
_bcbc
_corignew
_d1
_eocip
_f19
_gy-gencatlg
942 _2lcc
_cBK